000 00534nam a2200193Ia 4500
005 20250508152618.0
008 008 250505s9999 xx 000 0 eng d
037 _aTextual
040 _aFEDL
_beng
_cFEDL
041 _aeng
_2eng
084 _a371.3, HAS
_qFEDL
100 _aHaskew Laurence D
_9140249
245 0 _aThis is teaching : An introduction to education in American
260 _c1956
300 _axv,335p.
650 _aTeaching Technique
942 _cTEXL
_h371.3, HAS
999 _c1337598
_d1337598